Régions and Territories of France - Flags - Statistics

General Stats
  • This quiz has been taken 56 times
    53 since last reset
  • The average score is 16 of 24
Answer Stats
Picture Answer % Correct
Corse
89%
Guyane
89%
Hauts-de-France
89%
Île de France
89%
Mayotte
89%
Saint-Martin
85%
Bretagne
81%
Normandie
78%
Occitanie
74%
Nouvelle Calédonie
70%
Bourgogne-Franche-Comté
63%
Martinique
63%
Provence-Alpes-Côte d'Azur
63%
Saint-Pierre-et-Miquelon
63%
Auvergne-Rhône-Alpes
59%
Wallis-et-Futuna
59%
Centre Val de Loire
56%
Nouvelle Aquitaine
56%
Pays de la Loire
56%
La Réunion
52%
Polynésie Française
52%
Grand Est
48%
Saint-Barthélemy
41%
Guadaloupe
33%
No matching quizzes found
Score Distribution
Percent of People with Each Score
Percentile by Number Answered
Your Score History
You have not taken this quiz since the last reset